Teatro de marionetas

Guardat en:
Dades bibliogràfiques
Autor principal: Kampmann, Lothar (Autor)
Format: Llibre
Idioma:espanyol
Publicat: París Bouret 1970
Col·lecció:Creaciones artísticas
Matèries:
Etiquetes: Afegir etiqueta
Sense etiquetes, Sigues el primer a etiquetar aquest registre!

MARC

LEADER 00000nam a2200000 a 4500
001 UCY9349
003 CL-VaPUC
008 950717e19700000FR |||||||||||||||||spa|d
082 0 4 |a 791.53  |b KAM  |2 21 
100 0 |a Kampmann, Lothar  |e author  |9 341449 
245 1 0 |a Teatro de marionetas 
300 |a 76 p 
942 |c BK 
945 |d 19950717 00:00:00  |a mfernand 
260 |a París  |b Bouret  |c 1970 
650 0 |a Teatro  |9 265385 
650 7 |a MARIONETAS  |2 CL-VaPUC  |9 341450 
583 |a last modification  |c 19950717 00:00:00  |k Rodrigo Vera 
490 0 |a Creaciones artísticas 
999 |c 236460  |d 236458 
952 |0 0  |1 0  |4 0  |6 791_530000000000000_KAM_1970  |7 0  |8 A  |9 244558  |a BIBEDU  |b BIBEDU  |d 2019-11-18  |i 1533231  |l 3  |o 791.53 KAM 1970  |p 1533231  |r 2022-05-24  |s 2022-05-24  |w 2019-11-18  |y BK  |k EDU